| 000 | 00843nam a2200229 a 4500 | ||
|---|---|---|---|
| 001 | 000042891 | ||
| 005 | 20201002040458.0 | ||
| 008 | 140212s1979 sp 000 0 spa d | ||
| 020 | _a8402064361 | ||
| 040 |
_aDO-SdBNP _bspa _cBNPHU |
||
| 082 |
_axxx _bxxx |
||
| 100 | 1 |
_aTogliatti, Palmiro, _d1893-1964 _970334 |
|
| 245 | 1 | 3 |
_aLos comunistas y la revolución española / _cselección Togliatti, Díaz, Carrillo. |
| 260 |
_aBarcelona : _bBruguera, _c1979. |
||
| 300 |
_a157 p. ; _c18 cm. |
||
| 490 | 1 |
_aLibro blanco _v12 |
|
| 500 | _aUna antología a de textos fundamentales para el conocimiento y comprensión.de nuestra historía. | ||
| 500 | _aIncluye referencias bibliográficas y notas al pie de las páginas | ||
| 700 | 1 | 2 |
_aDíaz, José, _d1896-1942. _970335 |
| 700 | 1 | 2 |
_aCarrillo, Santiago _970336 |
| 830 | 0 |
_aLibro blanco _n12 _970337 |
|
| 999 |
_c42380 _d42380 |
||